| 000 | 00440nam a22001457a 4500 | ||
|---|---|---|---|
| 003 | macl | ||
| 005 | 20180429123435.0 | ||
| 008 | 180429b xxu||||| |||| 00| 0 eng d | ||
| 040 | _cmacl | ||
| 100 |
_aकरूणा पांडे _972494 |
||
| 245 | _aअंतहीन तलाश | ||
| 260 |
_aनई दिल्ली _bविद्या विहार _c2016 |
||
| 650 |
_aउपन्यास _972495 |
||
| 942 |
_2ddc _cHIN |
||
| 999 |
_c58057 _d58057 |
||